LEADER 01226nam2-2200409---450- 001 990003201070203316 005 20090302161001.0 010 $a978-88-86864-60-2 035 $a000320107 035 $aUSA01000320107 035 $a(ALEPH)000320107USA01 035 $a000320107 100 $a20090302d2008----km-y0itay50------ba 101 0 $aita 102 $aIT 105 $ay|||z|||001yy 200 1 $a<<3>>: Lirica$fM. Foschi Albert, L. Lari 205 $a4. ed 210 $a[Bari]$cB. A. Graphis$d2008 215 $aV, 191 p.$d20 cm 225 2 $a<> strumenti$iSerie turchese$v3 410 0$12001$a<> strumenti$iSerie turchese$v3 461 0$1001000130060$12001$aGeneri letterari 606 0 $aGeneri letterari$2BNCF 676 $a808 700 1$aFOSCHI ALBERT,$bMarina$043762 701 1$aLARI,$bLoretta$0443430 801 0$aIT$bsalbc$gISBD 912 $a990003201070203316 951 $aVIII.3. 1129/3$b1486 L.G.$cVIII.3.$d00200505 951 $aVIII.3. 1129/3a$b1487 L.G.$cVIII.3.$d00200506 951 $aVIII.3. 1129/3b$b1488 L.G.$cVIII.3.$d00200507 959 $aBK 969 $aUMA 979 $aANNAMARIA$b90$c20090302$lUSA01$h1610 996 $aLirica$91015239 997 $aUNISA LEADER 01829oam 2200529I 450 001 9910707226903321 005 20160627154858.0 035 $a(CKB)5470000002463242 035 $a(OCoLC)885120912$z(OCoLC)654580643 035 $a(EXLCZ)995470000002463242 100 $a20140802d1957 ua 0 101 0 $aeng 135 $aurn|||||||||| 181 $ccri$2rdacontent 181 $ctxt$2rdacontent 182 $cc$2rdamedia 183 $acr$2rdacarrier 200 14$aThe gold pan as a quantitative geologic tool /$fby Paul K. Theobald, Jr 210 1$aWashington, D.C. :$cUnited States Department of the Interior, Geological Survey,$d1957. 210 2$aWashington, D.C. :$cGovernment Printing Office. 215 $a1 online resource (iii, 54 pages, 18 pages of plates) 225 1 $aContributions to general geology 225 1 $aGeological Survey bulletin ;$v1071-A 300 $a"This report concerns work done on behalf of the U.S. Atomic Energy Commission and is published with the permission of the Commission." 300 $aTitle from title screen (viewed July 23, 2014). 320 $aIncludes bibliographical references (page 54). 606 $aHeavy minerals 606 $aOre-dressing 606 $aHeavy minerals$2fast 606 $aOre-dressing$2fast 615 0$aHeavy minerals. 615 0$aOre-dressing. 615 7$aHeavy minerals. 615 7$aOre-dressing. 700 $aTheobald$b P. K$g(Paul Kellogg),$f1928-$01386433 712 02$aGeological Survey (U.S.), 712 02$aU.S. Atomic Energy Commission, 801 0$bCOP 801 1$bCOP 801 2$bOCLCO 801 2$bOCLCE 801 2$bOCLCF 801 2$bGPO 906 $aBOOK 912 $a9910707226903321 996 $aThe gold pan as a quantitative geologic tool$93492860 997 $aUNINA